Marxismen - Statistics

General Stats
  • This quiz has been taken 67 times
  • The average score is 4 of 11
Answer Stats
Hint Answer % Correct
Under vilket århundrade skapas marxismen? 1800-talet
100%
Vad kallas det marxistiska ekonomiska systemet som är motsatsen till marknadsekonomi? Planekonomi
57%
Vad hette mannen förutom Marx som var med och skapade teorin? Friedrich Engels
43%
Vad kallas den anti-demokratiska marxistiska inriktningen som dominerade under 1900-talets andra hälft? Kommunismen
43%
För att uppnå målen inom marxismen, vilken aktör i samhället behöver ha i princip all makt? Staten
43%
Vad kallade Marx det samhället som vi nu lever i och som är näst sista steget inom historiematerialismen? Kapitalistiska samhället
29%
Vad är det slutgiltiga målet för marxismen? Klasslöst samhälle|Marxistiska drömsamhället
29%
Förutom svaret i förra frågan, vad existerar inte i det marxistiska samhället? Pengar
29%
Vad kallar man underklassen med ett annat ord? Proletariatet
29%
Vad kallar man överklassen med ett annat ord? Bourgeoisin
14%
Vilket begrepp beskrivs här: "...en marxistisk teori som förklarar samhällets utveckling genom ekonomiska förhållanden och produktionssätt, snarare än genom idéer." Historiematerialism
14%
No matching quizzes found
Score Distribution
Percent of People with Each Score
Percentile by Number Answered
Your Score History
You have not taken this quiz